000 02032nam a22002537a 4500
003 0
005 20241017142847.0
008 241017b xxu||||| |||| 00| 0 eng d
020 _a9781032197159
050 _aTK 881.4
_b.H83 2024
100 _aHuber, David Miles,
_eauthor.
245 _aModern recording techniques :
_ba practical guide to modern music production /
_cDavid Miles Huber, Emiliano Caballero, Robert E. Runstein.
250 _a10th ed.
260 _aNew York, NY :
_bRoutledge,
_c2024.
300 _axxvi, 654 p. :
_bill. ;
_c24 cm.
504 _aIncludes index.
520 _a"Modern Recording Techniques is the bestselling, authoritative guide to sound and music recording. Whether you're just starting out or are looking to improve your skills, this book provides an in-depth guide to the art and technologies of music production and is a must-have reference for all audio bookshelves. Using its familiar and accessible writing style, this new edition has been fully updated, presenting the latest production technologies and including detailed coverage of DAWs, networked audio, MIDI, signal processing and much more. Modern Recording Techniques is supported by a host of video tutorials which provide additional listening and visual examples, making this text essential reading for students, instructors and professionals. This updated tenth edition includes: newly expanded "Art and Technology" chapters, providing more tips, tricks and insights for getting the best out of your recording, mixing, monitoring and mastering; an expanded MIDI chapter to include MIDI 2.0; more in-depth coverage of Digital audio and the Digital Audio Workstation; greater coverage of immersive audio, including Dolby Atmos Production"--Provided by publisher.
650 _aSound
_vRecording and reproducing.
650 _aMagnetic recorders and recording.
650 _aDigital audiotape recorders and recording.
700 _aCaballero, Emiliano,
_eauthor.
700 _aRunstein, Robert E.,
_eauthor.
942 _2lcc
_cBK
999 _c366577
_d366577